Pensadoras del siglo XX: una filosofía de esperanza para el siglo XXI
Uloženo v:
| Hlavní autor: | |
|---|---|
| Médium: | Kniha |
| Jazyk: | španělština |
| Vydáno: |
Madrid
Rialp S. A
2013
|
| Vydání: | 1a. ed |
| Témata: | |
| Tagy: |
Přidat tag
Žádné tagy, Buďte první, kdo vytvoří štítek k tomuto záznamu!
|
MARC
| LEADER | 00000cam a2200000 a 4500 | ||
|---|---|---|---|
| 001 | UCC3294 | ||
| 003 | CL-VaPUC | ||
| 008 | 180427e20130000sp |||||||||||||||||spa|d | ||
| 020 | |a 9788432143267 | ||
| 082 | 0 | 4 | |a 190 |b LOP |2 21 |
| 100 | |a López Casanova, Iván |e autor |9 597299 | ||
| 245 | 1 | 0 | |a Pensadoras del siglo XX: una filosofía de esperanza para el siglo XXI |
| 250 | |a 1a. ed | ||
| 300 | |a 182 p | ||
| 942 | |c BK | ||
| 945 | |d 20180427 13:12:00 |a dcastane | ||
| 260 | |a Madrid |b Rialp S. A |c 2013 | ||
| 600 | 0 | 7 | |a WEIL, SIMONE |2 CL-VaPUC |9 441906 |
| 600 | 0 | |a Zambrano, María |9 421633 | |
| 600 | 0 | |a Stein, Edith |9 315970 | |
| 650 | 0 | |a Filosofía contemporánea |9 265372 | |
| 650 | 0 | |a Filosofía (contemporánea) |y S.XX (Siglo 20) |9 267050 | |
| 650 | 0 | |a Mujeres |9 257649 | |
| 583 | |a last modification |c 20180427 13:12:00 |k Rodrigo Vera | ||
| 999 | |c 371055 |d 371053 | ||
| 952 | |0 0 |1 0 |3 erb |4 0 |6 190_000000000000000_LOP_2013 |7 0 |8 A |9 487928 |a BIBTEO |b BIBTEO |i 5468256 |l 9 |m 8 |o 190 LOP 2013 |p 5468256 |r 2025-01-17 |s 2023-11-15 |w 2019-11-24 |y BK |z Catalogado en:20180427 |k ICR | ||